Obras completas

Zapisane w:
Opis bibliograficzny
1. autor: Gabriel y Galán, José MAría
Format: Książka
Język:Undetermined
Wydane: Madrid, España Afrodisio Aguado 1959
Wydanie:6
Hasła przedmiotowe:
Etykiety: Dodaj etykietę
Nie ma etykietki, Dołącz pierwszą etykiete!

MARC

LEADER 00000nam a2200000Ia 4500
008 170316s9999 xx 000 0 und d
040 |a cru BVZT 
090 |a 862 G-1o v.2 
100 |a Gabriel y Galán, José MAría 
245 |a Obras completas 
250 |a 6 
260 |a Madrid, España 
260 |b Afrodisio Aguado 
260 |c 1959 
300 |a 229 páginas Tomo II 
650 |a LITERATURA ESPAÑOLA 
650 |a POEMAS 
999 |c 9892  |d 9892 
942 |c 15 D  |h 862 G-1o v.2  |2 z